[Event "HUN-chT2 Szechenyi 1718"]
[Site "Hungary"]
[Date "2017.12.17"]
[Round "4.11"]
[White "Haasz, Gyula"]
[Black "Olah, Jozsef"]
[Result "0-1"]
[WhiteElo "1624"]
[BlackElo "1877"]
[PlyCount "76"]
[EventDate "2017.10.29"]
[EventType "team-tourn"]
[EventRounds "9"]
[EventCountry "HUN"]
[SourceTitle "EXT 2021"]
[Source "ChessBase"]
[SourceDate "2020.10.23"]
[SourceVersion "1"]
[SourceVersionDate "2020.10.23"]
[SourceQuality "1"]
[WhiteTeam "Csuti Baki Agrocentrum"]
[BlackTeam "Haladas Szombathely III"]
[WhiteTeamCountry "HUN"]
[BlackTeamCountry "HUN"]

1. Nf3 Nf6 2. d3 g6 3. e4 d6 4. Be2 Bg7 5. 0-0 0-0 6. c3 c5 7. h3 Nc6 8. Bg5 Bd7 9. Na3 Rc8 10. Nc2 Qb6 11. Qc1 e6 12. Ne3 Nh5 13. Nc4 Qc7 14. g4 Nf6 15. Qf4 Ne8 16. Bh6 b5 17. Bxg7 Kxg7 18. Ne3 Nf6 19. d4 Ne7 20. e5 dxe5 21. dxe5 Nfd5 22. Qg3 Bc6 23. c4 bxc4 24. Nxc4 f5 25. Ng5 Qd7 26. f4 h6 27. Nd6 hxg5 28. gxf5 Nxf5 29. Nxf5+ Rxf5 30. Bg4 gxf4 31. Qb3 Rxe5 32. Rae1 Qd6 33. Qd1 Rd8 34. Rxe5 Qxe5 35. Re1 Qxb2 36. Re2 Qc3 37. Bxe6 Qg3+ 38. Rg2 Qe3+ 0-1

[Event "HUN-chT2 Szechenyi 1718"]
[Site "Hungary"]
[Date "2017.10.29"]
[Round "1.7"]
[White "Solymosi, Istvan"]
[Black "Olah, Jozsef"]
[Result "1-0"]
[WhiteElo "2117"]
[BlackElo "1877"]
[PlyCount "63"]
[EventDate "2017.10.29"]
[EventType "team-tourn"]
[EventRounds "9"]
[EventCountry "HUN"]
[SourceTitle "EXT 2021"]
[Source "ChessBase"]
[SourceDate "2020.10.23"]
[SourceVersion "1"]
[SourceVersionDate "2020.10.23"]
[SourceQuality "1"]
[WhiteTeam "Gyor Elektromos"]
[BlackTeam "Haladas Szombathely III"]
[WhiteTeamCountry "HUN"]
[BlackTeamCountry "HUN"]

1. d4 d5 2. c4 c6 3. Nc3 Nf6 4. Nf3 g6 5. Bg5 Bg7 6. e3 Bg4 7. Bxf6 Bxf6 8. cxd5 cxd5 9. Qb3 Bxf3 10. gxf3 e6 11. Qxb7 Nd7 12. Bb5 Ke7 13. 0-0 Qc8 14. Qxc8 Rhxc8 15. Rfc1 Nb6 16. Ba6 Rd8 17. b3 e5 18. Nb5 Rd7 19. Rc2 exd4 20. Nxd4 Bxd4 21. exd4 Kf6 22. Rc6+ Kg5 23. Re1 Rad8 24. Re5+ f5 25. Bb5 Rb7 26. a4 Kf4 27. Kg2 Na8 28. h4 Rg7 29. Rf6 Nb6 30. Bc6 Rc7 31. Bxd5 Nxd5 32. Re4# 1-0

[Event "HUN-chT2 Szechenyi 1516"]
[Site "Hungary"]
[Date "2015.11.08"]
[Round "4.7"]
[White "Fekete, Laszlo"]
[Black "Olah, Jozsef"]
[Result "1-0"]
[WhiteElo "1794"]
[BlackElo "1942"]
[PlyCount "137"]
[EventDate "2015.09.13"]
[EventType "team-tourn"]
[EventRounds "11"]
[EventCountry "HUN"]
[SourceTitle "CBM 170 Extra"]
[Source "ChessBase"]
[SourceDate "2016.02.25"]
[SourceVersion "1"]
[SourceVersionDate "2016.02.25"]
[SourceQuality "1"]
[WhiteTeam "Szechenyi ESE"]
[BlackTeam "HVSE Infraplan"]
[WhiteTeamCountry "HUN"]
[BlackTeamCountry "HUN"]

1. c4 g6 2. d4 Nf6 3. Nc3 d5 4. cxd5 Nxd5 5. e4 Nxc3 6. bxc3 Bg7 7. Bc4 0-0 8. Nf3 c5 9. 0-0 Bg4 10. Bd5 Qc7 11. Rb1 Nc6 12. Bxc6 bxc6 13. Bb2 Qf4 14. h3 Bxf3 15. Qxf3 Qxf3 16. gxf3 cxd4 17. cxd4 Rfd8 18. e5 Rab8 19. Bc3 e6 20. Kg2 Bf8 21. Ba5 Rxb1 22. Bxd8 Rxf1 23. Kxf1 f5 24. f4 c5 25. dxc5 Bxc5 26. Ke2 Kf7 27. f3 Ke8 28. Bg5 Kd7 29. Kd3 Kc6 30. Kc4 Bf2 31. Bh6 Bh4 32. Bg5 Bg3 33. Bh6 Kb6 34. Kb4 Bf2 35. Bg5 Be3 36. Bh6 Bc5+ 37. Kc4 Be7 38. Bg5 Bf8 39. Bd8+ Kc6 40. Ba5 Be7 41. Bd2 h6 42. Be3 a6 43. Bd2 Kb6 44. Bb4 Bd8 45. Bf8 h5 46. Bh6 Be7 47. Bg5 Ba3 48. Kb3 Bc1 49. Kb4 Be3 50. Bh6 Bc5+ 51. Kc4 Ba3 52. Kb3 Be7 53. Ka4 Bc5 54. Bg5 Kb7 55. Ka5 Be3 56. Kb4 Kb6 57. Bh6 Bc5+ 58. Kc4 Ba3 59. Kb3 Be7 60. Ka4 a5 61. Bg7 g5 62. Bf6 g4 63. fxg4 fxg4 64. hxg4 h4 65. Bxh4 Bxh4 66. g5 Bg3 67. g6 Bxf4 68. g7 Bxe5 69. g8Q 1-0

[Event "HUN-chT2 Szechenyi 1415"]
[Site "Hungary"]
[Date "2015.03.22"]
[Round "10.11"]
[White "Ruszin, Dorottya"]
[Black "Olah, Jozsef"]
[Result "0-1"]
[WhiteElo "1292"]
[BlackElo "1975"]
[PlyCount "54"]
[EventDate "2014.09.07"]
[EventType "team-tourn"]
[EventRounds "11"]
[EventCountry "HUN"]
[SourceTitle "EXT 2016"]
[Source "ChessBase"]
[SourceDate "2015.10.08"]
[SourceVersion "1"]
[SourceVersionDate "2015.10.08"]
[SourceQuality "1"]
[WhiteTeam "Zala Volan"]
[BlackTeam "HVSE Infraplan"]
[WhiteTeamCountry "HUN"]
[BlackTeamCountry "HUN"]

1. e4 d6 2. d4 Nf6 3. Nc3 g6 4. Nf3 Bg7 5. Bc4 0-0 6. Bf4 Nc6 7. 0-0 Bg4 8. Be2 e5 9. dxe5 Nh5 10. Bg5 f6 11. Qd5+ Kh8 12. exf6 Nxf6 13. Bxf6 Qxf6 14. Ng5 Bxe2 15. Nxe2 Rae8 16. Ng3 Re5 17. Qb3 Rxg5 18. Qxb7 Rc5 19. c3 Qe7 20. Qb3 Ne5 21. Rad1 Ng4 22. Qa4 Be5 23. h3 Nxf2 24. Rxf2 Bxg3 25. Rxf8+ Qxf8 26. Rf1 Bh2+ 27. Kxh2 Qxf1 0-1

[Event "HUN-chT4b 1415"]
[Site "Hungary"]
[Date "2014.10.04"]
[Round "1.5"]
[White "Olah, Jozsef"]
[Black "Bereczki, Erno"]
[Result "0-1"]
[WhiteElo "1975"]
[BlackElo "1593"]
[PlyCount "138"]
[EventDate "2014.10.04"]
[EventType "team-tourn"]
[EventRounds "7"]
[EventCountry "HUN"]
[SourceTitle "EXT 2016"]
[Source "ChessBase"]
[SourceDate "2015.10.08"]
[SourceVersion "1"]
[SourceVersionDate "2015.10.08"]
[SourceQuality "1"]

1. e4 c5 2. Bc4 e6 3. Nc3 Nc6 4. a3 Ne5 5. Ba2 Nf6 6. h3 Be7 7. d3 d5 8. Nf3 Nxf3+ 9. Qxf3 d4 10. Ne2 0-0 11. 0-0 Nd7 12. Bf4 e5 13. Bh2 Bd6 14. c3 Nf6 15. cxd4 cxd4 16. Ng3 Qb6 17. b4 Qa6 18. Bc4 b5 19. Bd5 Rb8 20. Nf5 Nxd5 21. exd5 Bxf5 22. Qxf5 Rbe8 23. g4 Qb7 24. Qe4 Qd7 25. Qf5 Qe7 26. Rfe1 Qh4 27. g5 g6 28. Qg4 Qxg4+ 29. hxg4 f6 30. gxf6 Rxf6 31. f4 e4 32. dxe4 Bxf4 33. Bxf4 Rxf4 34. e5 Rxg4+ 35. Kh2 Rg5 36. Rad1 Rexe5 37. Rxe5 Rxe5 38. Rxd4 Kf8 39. d6 Ke8 40. Kg3 Re3+ 41. Kf4 Rxa3 42. Ke5 Kd7 43. Kd5 a6 44. Rf4 Rd3+ 45. Kc5 Ke6 46. Re4+ Kf5 47. Re7 h5 48. d7 Kf6 49. Rh7 Ke6 50. Rh6 Kxd7 51. Rxg6 Rc3+ 52. Kb6 Rc4 53. Rg7+ Ke6 54. Kxa6 Rxb4 55. Rg5 h4 56. Ka5 Rb3 57. Rg4 h3 58. Rh4 Kf5 59. Kb6 Kg5 60. Rh8 Kg4 61. Kc5 Kg3 62. Rg8+ Kh2 63. Kd4 Kh1 64. Re8 Rb2 65. Ke3 Kg1 66. Kf3 Rf2+ 67. Kg3 h2 68. Rh8 Rg2+ 69. Kh3 h1Q# 0-1

[Event "HUN-chT2 Szechenyi 1112"]
[Site "Hungary"]
[Date "2012.03.12"]
[Round "7.6"]
[White "Nemeth, Jozsef"]
[Black "Olah, Jozsef"]
[Result "0-1"]
[WhiteElo "2066"]
[BlackElo "1966"]
[PlyCount "124"]
[EventDate "2011.09.25"]
[EventType "team-tourn"]
[EventRounds "11"]
[EventCountry "HUN"]
[SourceTitle "EXT 2013"]
[Source "ChessBase"]
[SourceDate "2012.11.22"]
[SourceVersion "1"]
[SourceVersionDate "2012.11.22"]
[SourceQuality "1"]
[WhiteTeam "Zala Volan"]
[BlackTeam "Haladas"]
[WhiteTeamCountry "HUN"]
[BlackTeamCountry "HUN"]

1. d4 d5 2. c4 c6 3. Nf3 Nf6 4. Nc3 dxc4 5. a4 Bf5 6. e3 e6 7. Bxc4 Bb4 8. 0-0 0-0 9. Nh4 Bg6 10. Nxg6 hxg6 11. Qc2 Nbd7 12. Na2 Be7 13. b4 Nb6 14. Bd3 Nbd5 15. Rb1 Rc8 16. Bd2 Qc7 17. g3 e5 18. e4 Nb6 19. Bc3 exd4 20. Bxd4 Rfd8 21. Be3 Ng4 22. Bf4 Bd6 23. Bg5 Re8 24. Be2 Nf6 25. Bd3 Be5 26. Bd2 Qd7 27. f4 Bd4+ 28. Kg2 Rcd8 29. a5 Nc8 30. Rf3 Kh7 31. Nc1 Rh8 32. Ne2 Kg8 33. h4 Qg4 34. Rh1 a6 35. Nxd4 Rxd4 36. Bc3 Rd7 37. Be2 Qe6 38. Re3 Ng4 39. Bxg4 Qxg4 40. Rd3 Re7 41. Be5 Kh7 42. Re1 f6 43. Bb2 Rhe8 44. e5 Qf5 45. Qd2 Na7 46. Qe2 Nb5 47. Rh1 Nc7 48. Qf3 Nd5 49. Rd2 Nxb4 50. h5 g5 51. h6 gxh6 52. exf6 g4 53. Qf2 Qe4+ 54. Kh2 Rf7 55. Rhd1 Nd5 56. Be5 Nxf6 57. Re1 Qf5 58. Qc5 Ne4 59. Qc2 Nxd2 60. Qxd2 Rd7 61. Qc3 Red8 62. Bd6 Qg6 0-1

[Event "HUN-chT2 Charousek 0910"]
[Site "Hungary"]
[Date "2010.03.06"]
[Round "6"]
[White "Fuad Kamel Jamaliah, Natalie"]
[Black "Olah, Jozsef"]
[Result "1/2-1/2"]
[WhiteElo "1947"]
[BlackElo "1944"]
[PlyCount "79"]
[EventDate "2009.11.08"]
[EventType "team-tourn"]
[EventRounds "11"]
[EventCountry "HUN"]
[SourceTitle "EXT 2011"]
[Source "ChessBase"]
[SourceDate "2010.11.26"]
[SourceVersion "1"]
[SourceVersionDate "2010.11.26"]
[SourceQuality "1"]
[WhiteTeam "Hobagoly"]
[BlackTeam "Haladas II"]
[WhiteTeamCountry "HUN"]
[BlackTeamCountry "HUN"]

1. e4 c5 2. Nf3 d6 3. d4 cxd4 4. Nxd4 Nf6 5. Nc3 a6 6. Be2 Nc6 7. Be3 e6 8. 0-0 Be7 9. Kh1 0-0 10. f4 d5 11. e5 Nd7 12. a3 Nxd4 13. Bxd4 f5 14. Bd3 Bc5 15. Bxc5 Nxc5 16. Qd2 Bd7 17. Ne2 Qb6 18. Qb4 Qc7 19. Rac1 Rac8 20. Qd2 Na4 21. c4 Qb6 22. b4 dxc4 23. Bxc4 Bb5 24. Bxb5 Qxb5 25. Rfd1 Nb6 26. Qa2 Nd5 27. Nd4 Rxc1 28. Rxc1 Qd7 29. Ne2 Rd8 30. h3 Ne3 31. Kg1 Nd1 32. Qb3 b5 33. Qc2 Ne3 34. Qc6 Qd2 35. Qxe6+ Kh8 36. Kf2 h6 37. Rc8 Nd1+ 38. Kf1 Ne3+ 39. Kf2 Nd1+ 40. Kf1 1/2-1/2

[Event "HUN-chT2 Charousek 0910"]
[Site "Hungary"]
[Date "2009.11.08"]
[Round "1"]
[White "Olah, Jozsef"]
[Black "Gombos, Bettina"]
[Result "0-1"]
[WhiteElo "1944"]
[BlackElo "1837"]
[PlyCount "58"]
[EventDate "2009.11.08"]
[EventType "team-tourn"]
[EventRounds "11"]
[EventCountry "HUN"]
[SourceTitle "EXT 2011"]
[Source "ChessBase"]
[SourceDate "2010.11.26"]
[SourceVersion "1"]
[SourceVersionDate "2010.11.26"]
[SourceQuality "1"]
[WhiteTeam "Haladas II"]
[BlackTeam "Sarvar"]
[WhiteTeamCountry "HUN"]
[BlackTeamCountry "HUN"]

1. d4 Nf6 2. c4 e6 3. Nf3 b6 4. Bg5 Bb7 5. e3 h6 6. Bh4 g5 7. Bg3 Bg7 8. Nc3 d6 9. h3 Nbd7 10. Rc1 Ne4 11. Nxe4 Bxe4 12. Bd3 Nf6 13. b4 Qd7 14. 0-0 Rc8 15. c5 0-0 16. Rc3 Nd5 17. Rb3 Bxd3 18. Qxd3 f5 19. Nd2 f4 20. Bh2 fxe3 21. fxe3 dxc5 22. dxc5 Qa4 23. Qe4 Qd7 24. Nc4 Nc3 25. Qc2 Rxf1+ 26. Kxf1 Rf8+ 27. Kg1 Qf7 28. Kh1 Qf1+ 29. Bg1 Qxc4 0-1

[Event "HUN-chT2 Szechenyi 0708"]
[Site "Hungary"]
[Date "2007.12.09"]
[Round "4"]
[White "Olah, Jozsef"]
[Black "Domotor, Jozsef"]
[Result "1-0"]
[WhiteElo "1962"]
[BlackElo "2052"]
[PlyCount "70"]
[EventDate "2007.10.14"]
[EventType "team"]
[EventRounds "11"]
[EventCountry "HUN"]
[SourceTitle "EXT 2009"]
[Source "ChessBase"]
[SourceDate "2008.11.26"]
[SourceVersion "1"]
[SourceVersionDate "2008.11.26"]
[SourceQuality "1"]
[WhiteTeam "Haladas III"]
[BlackTeam "Kertvaros"]
[WhiteTeamCountry "HUN"]
[BlackTeamCountry "HUN"]

1. d4 Nf6 2. c4 b6 3. Nc3 Bb7 4. Bg5 e6 5. e4 Be7 6. e5 Ne4 7. Bxe7 Qxe7 8. Nxe4 Bxe4 9. Qd2 Nc6 10. a3 Na5 11. Qe3 Bg6 12. Nf3 d6 13. Be2 Nb7 14. 0-0 0-0 15. Rac1 Bh5 16. Rfe1 Rfd8 17. h3 Rac8 18. Bd3 Bxf3 19. Qxf3 c5 20. Be4 Rc7 21. Red1 cxd4 22. Bxb7 Rxb7 23. Rxd4 Rbb8 24. exd6 Rxd6 25. Rcd1 Rxd4 26. Rxd4 g6 27. Qd3 Qf6 28. Qd2 Rc8 29. b3 h5 30. a4 Qe5 31. Qd1 Kg7 32. Rd7 a5 33. Rb7 Qc5 34. Qd7 Rf8 35. Qb5 Qg5 1-0

[Event "HUN-chT2 Charousek 0708"]
[Site "Hungary"]
[Date "2007.11.11"]
[Round "2"]
[White "Olah, Jozsef"]
[Black "Valis, Janos"]
[Result "1/2-1/2"]
[WhiteElo "1962"]
[BlackElo "2149"]
[PlyCount "137"]
[EventDate "2007.10.14"]
[EventType "team"]
[EventRounds "11"]
[EventCountry "HUN"]
[SourceTitle "EXT 2009"]
[Source "ChessBase"]
[SourceDate "2008.11.26"]
[SourceVersion "1"]
[SourceVersionDate "2008.11.26"]
[SourceQuality "1"]
[WhiteTeam "Haladas II"]
[BlackTeam "Husi"]
[WhiteTeamCountry "HUN"]
[BlackTeamCountry "HUN"]

1. d4 Nf6 2. c4 g6 3. g3 Bg7 4. Bg2 0-0 5. Nc3 d6 6. Nf3 Nc6 7. 0-0 a6 8. b3 Rb8 9. a4 Bf5 10. Nh4 Bd7 11. Ba3 Re8 12. Rc1 e5 13. d5 Na7 14. c5 dxc5 15. Bxc5 b6 16. Ba3 c5 17. e4 Bf8 18. Nb1 Rc8 19. Re1 b5 20. Bf1 Qa5 21. Qd2 Qb6 22. Qd3 a5 23. Qc2 Rc7 24. Nd2 Rec8 25. Bb2 Bd6 26. Nhf3 Re8 27. Qb1 Rb7 28. Qa1 Qc7 29. Bc3 bxa4 30. bxa4 Bg4 31. h3 Bxf3 32. Nxf3 Rb3 33. Bc4 Rb7 34. Bd3 Nd7 35. Rb1 Reb8 36. Rxb7 Rxb7 37. Ba6 Rb8 38. Rb1 c4 39. Nd2 Rxb1+ 40. Qxb1 Nc5 41. Bb5 Nd3 42. Nxc4 Nb4 43. Nxd6 Qxd6 44. Qb2 f6 45. Qb3 Nxb5 46. axb5 Qc5 47. d6+ Kg7 48. Bxb4 axb4 49. d7 Qc7 50. Qxb4 Qxd7 51. b6 Qb7 52. g4 h5 53. Kh2 hxg4 54. hxg4 Kh6 55. Kg3 f5 56. gxf5 gxf5 57. Qf8+ Kh5 58. Qxf5+ Kh6 59. Qf6+ Kh7 60. f3 Qb8 61. Qf7+ Kh6 62. Qe6+ Kh5 63. b7 Qxb7 64. Qxe5+ Kh6 65. Kg4 Qd7+ 66. Kg3 Qd1 67. Qf6+ Kh5 68. Kf4 Qxf3+ 69. Kxf3 1/2-1/2

[Event "HUN-chT2 Szechenyi 0304"]
[Site "Hungary"]
[Date "2003.11.30"]
[Round "4"]
[White "Arany, Tamas"]
[Black "Olah, Jozsef"]
[Result "1-0"]
[WhiteElo "1867"]
[BlackElo "2035"]
[PlyCount "97"]
[EventDate "2003.09.28"]
[EventType "team"]
[EventRounds "11"]
[EventCountry "HUN"]
[SourceTitle "EXT 2009"]
[Source "ChessBase"]
[SourceDate "2008.11.26"]
[SourceVersion "1"]
[SourceVersionDate "2008.11.26"]
[SourceQuality "1"]
[WhiteTeam "Arboretum"]
[BlackTeam "Haladas II"]
[WhiteTeamCountry "HUN"]
[BlackTeamCountry "HUN"]

1. e4 c5 2. Nc3 Nc6 3. g3 g6 4. Bg2 Bg7 5. d3 a6 6. f4 e6 7. Be3 b6 8. Qd2 Nge7 9. Nf3 d5 10. exd5 Nxd5 11. Nxd5 exd5 12. d4 c4 13. Ne5 Qd6 14. h4 f6 15. Nxc6 Qxc6 16. h5 Bg4 17. hxg6 hxg6 18. Rxh8+ Bxh8 19. Qb4 a5 20. Qd2 Kd7 21. Kf2 f5 22. Rh1 Bh5 23. c3 Qe6 24. b3 Rc8 25. Rb1 Bf6 26. bxc4 Rxc4 27. Qb2 Bd8 28. Qb5+ Kd6 29. Qb2 Qe8 30. Qa3+ Kc6 31. Qb2 Qe6 32. Bc1 Kc7 33. Be3 Qc6 34. Bd2 Bf6 35. Qc1 b5 36. Bf1 Kb6 37. Bxc4 dxc4 38. Qh1 Qxh1 39. Rxh1 b4 40. Rb1 Kc6 41. Ke3 bxc3 42. Bxc3 Bd8 43. a4 g5 44. Rb5 gxf4+ 45. gxf4 Bf7 46. Rc5+ Kd6 47. Bxa5 Bxa5 48. Rxa5 Bd5 49. Rc5 1-0

[Event "HUN-chT2 Szechenyi 0304"]
[Site "Hungary"]
[Date "2003.11.16"]
[Round "3"]
[White "Kovacs, Andras"]
[Black "Olah, Jozsef"]
[Result "1-0"]
[WhiteElo "2049"]
[BlackElo "2035"]
[PlyCount "123"]
[EventDate "2003.09.28"]
[EventType "team"]
[EventRounds "11"]
[EventCountry "HUN"]
[SourceTitle "EXT 2009"]
[Source "ChessBase"]
[SourceDate "2008.11.26"]
[SourceVersion "1"]
[SourceVersionDate "2008.11.26"]
[SourceQuality "1"]
[WhiteTeam "Veszprem"]
[BlackTeam "Haladas II"]
[WhiteTeamCountry "HUN"]
[BlackTeamCountry "HUN"]

1. c4 Nf6 2. Nc3 d5 3. d4 dxc4 4. e3 e5 5. d5 c6 6. dxc6 Qxd1+ 7. Kxd1 Nxc6 8. Bxc4 a6 9. Nf3 Bg4 10. h3 Bh5 11. g4 Bg6 12. a3 b5 13. Bb3 Rd8+ 14. Nd2 Ne4 15. Ke2 Nxc3+ 16. bxc3 Bc5 17. e4 0-0 18. f3 Kh8 19. Nf1 Na5 20. Bd5 Rc8 21. Bd2 Nc4 22. Bxc4 bxc4 23. Be3 Rfd8 24. Bxc5 Rxc5 25. Ne3 f6 26. Rhd1 Rb8 27. Rab1 Rcb5 28. Rxb5 axb5 29. Rb1 h6 30. a4 Bf7 31. axb5 Be6 32. b6 Kg8 33. Rb4 Kf8 34. Nd5 Bxd5 35. exd5 Ke7 36. Ke3 Kd6 37. Ke4 Kc5 38. b7 Kd6 39. Rb6+ Kc7 40. Rc6+ Kd7 41. Rb6 Kc7 42. Rb4 Kd6 43. Rxc4 Rxb7 44. Rc6+ Kd7 45. f4 Rb1 46. fxe5 Re1+ 47. Kd3 Rxe5 48. Kd4 h5 49. Ra6 hxg4 50. Ra7+ Kd8 51. Rxg7 gxh3 52. Rh7 Re1 53. Rxh3 f5 54. Kc5 f4 55. Kd6 Re3 56. Rh8+ Re8 57. Rh7 Re3 58. c4 Ke8 59. Rh4 Re4 60. c5 Kd8 61. c6 Re7 62. Rh8+ 1-0

[Event "HUN-chT2 Szechenyi 0304"]
[Site "Hungary"]
[Date "2003.09.28"]
[Round "1"]
[White "Olah, Jozsef"]
[Black "Saghy, Krisztian"]
[Result "1/2-1/2"]
[WhiteElo "2035"]
[BlackElo "1829"]
[PlyCount "82"]
[EventDate "2003.09.28"]
[EventType "team"]
[EventRounds "11"]
[EventCountry "HUN"]
[SourceTitle "EXT 2009"]
[Source "ChessBase"]
[SourceDate "2008.11.26"]
[SourceVersion "1"]
[SourceVersionDate "2008.11.26"]
[SourceQuality "1"]
[WhiteTeam "Haladas II"]
[BlackTeam "Flesch"]
[WhiteTeamCountry "HUN"]
[BlackTeamCountry "HUN"]

1. c4 e6 2. Nc3 Nf6 3. Nf3 Bb4 4. a3 Bxc3 5. dxc3 c5 6. Bg5 h6 7. Bh4 Qb6 8. Bxf6 gxf6 9. Qc2 Qc7 10. g3 f5 11. Bg2 b6 12. Nd4 cxd4 13. Bxa8 Qxc4 14. Bg2 Ba6 15. Rc1 d3 16. exd3 Qxd3 17. Qxd3 Bxd3 18. Kd2 Bc4 19. Ke3 d5 20. Bf1 Bxf1 21. Rhxf1 Nc6 22. c4 d4+ 23. Kd3 Ke7 24. b4 Rd8 25. Rfe1 f6 26. f4 e5 27. b5 e4+ 28. Kd2 Na5 29. Rc2 Nb3+ 30. Kd1 d3 31. Rb2 Nc5 32. Kd2 Kd6 33. a4 Nb7 34. g4 Ke6 35. gxf5+ Kxf5 36. Ke3 Rg8 37. Rf2 Nd6 38. Rc1 Rc8 39. Kd4 Rd8 40. Ke3 Rc8 41. Kd4 Rd8 1/2-1/2

[Event "HUN-chT2 Szechenyi 0203"]
[Site "Hungary"]
[Date "2002.11.24"]
[Round "3"]
[White "Antal, Jozsef"]
[Black "Olah, Jozsef"]
[Result "1-0"]
[WhiteElo "2121"]
[BlackElo "1999"]
[PlyCount "59"]
[EventDate "2002.09.22"]
[EventType "team"]
[EventRounds "11"]
[EventCountry "HUN"]
[SourceTitle "EXT 2009"]
[Source "ChessBase"]
[SourceDate "2008.11.26"]
[SourceVersion "1"]
[SourceVersionDate "2008.11.26"]
[SourceQuality "1"]

1. e4 c5 2. Nc3 e6 3. g3 b6 4. Bg2 Bb7 5. d3 g6 6. f4 Bg7 7. Nf3 Ne7 8. 0-0 0-0 9. d4 d5 10. e5 Nbc6 11. Ne2 cxd4 12. Nexd4 Nxd4 13. Nxd4 Ba6 14. Re1 Rc8 15. c3 Qd7 16. g4 Nc6 17. Be3 Nxd4 18. Bxd4 Rc7 19. g5 Rfc8 20. Re3 h5 21. gxh6 Bxh6 22. Qg4 Kg7 23. Rh3 Rh8 24. f5 Qe8 25. f6+ Kg8 26. Re1 Bd2 27. Rxh8+ Kxh8 28. Qh4+ Kg8 29. Rd1 g5 30. Qh6 1-0